So sánh hiệu quả của mô hình nuôi tôm càng xanh (Macrobrachium rosenbergii De Man, 1879) trên ruộng lúa có mức nước khác nhau : Luận văn tốt nghiệp Cao học. Chuyên ngành Nuôi trồng thủy sản
Khảo sát thực trạng kỹ thuật và hiệu quả mô hình nuôi tôm càng xanh trong ruộng lúa ở các mức nước khác nhau.
Đã lưu trong:
| 主要作者: | |
|---|---|
| 格式: | 图书 |
| 语言: | Undetermined |
| 出版: |
Cần Thơ
Trường Đại học Cần Thơ
2018
|
| 主题: | |
| 标签: |
添加标签
没有标签, 成为第一个标记此记录!
|
| Thư viện lưu trữ: | Trung tâm Học liệu Trường Đại học Cần Thơ |
|---|
| LEADER | 01048nam a2200217Ia 4500 | ||
|---|---|---|---|
| 001 | CTU_228166 | ||
| 008 | 210402s9999 xx 000 0 und d | ||
| 082 | |a 639.64 | ||
| 082 | |b M312 | ||
| 088 | |a 8620301 | ||
| 100 | |a Nguyễn, Nhật Minh | ||
| 245 | 0 | |a So sánh hiệu quả của mô hình nuôi tôm càng xanh (Macrobrachium rosenbergii De Man, 1879) trên ruộng lúa có mức nước khác nhau : | |
| 245 | 0 | |b Luận văn tốt nghiệp Cao học. Chuyên ngành Nuôi trồng thủy sản | |
| 245 | 0 | |c Nguyễn Nhật Minh ; Dương Nhựt Long (Cán bộ hướng dẫn) | |
| 260 | |a Cần Thơ | ||
| 260 | |b Trường Đại học Cần Thơ | ||
| 260 | |c 2018 | ||
| 520 | |a Khảo sát thực trạng kỹ thuật và hiệu quả mô hình nuôi tôm càng xanh trong ruộng lúa ở các mức nước khác nhau. | ||
| 650 | |a Shrimp culture,Nuôi tôm | ||
| 910 | |b nthai | ||
| 980 | |a Trung tâm Học liệu Trường Đại học Cần Thơ | ||